000 00915cab a2200277 4500
001 ABS59514
008 090401t1998 xxu||||| |||| 00| 0 eng d
035 _a(Sirsi) u89013
041 _aeng
100 _aJackson, J.
245 3 _aAn examination on the main stakeholders in the Chinese construction industry
260 _c1998
350 _a0
490 _aBuilding Economist
_vSeptember 1998, 25-32(8)
520 _aUses a research methodology to systematically examine the main stakeholders in the Chinese construction industry to identify how procurement practices still differ from those of a free-market economy.
650 _aCHINA
650 _aCOMPETITION
650 _aCONSTRUCTION MARKET
650 _aGOVERNMENT INTERVENTION
650 _aProcurement-old
650 _aREGULATION
690 _aOVERSEAS-REST OF THE WORLD
700 _aLan, P.
942 _n0
948 _c15/10/1998
999 _c56294
_d56294